đŸŽ¶ Paroles "La grenouille et le gros boeuf" (Comptine) - Statistiques

Statistiques générales
  • Ce quiz a Ă©tĂ© pris 12 fois
  • Le rĂ©sultat moyen est 96 sur 193
Statistiques - réponses
Mots % Correct
Ă 
100%
a
100%
A
100%
bƓuf
100%
bƓuf,
100%
grenouille
100%
l'
100%
(Refrain :)
100%
(Refrain)
100%
Et
89%
et
89%
gros
89%
Il
89%
il
89%
La
89%
la
89%
La la la ...
89%
le
89%
Le
89%
n'
89%
d'
78%
de
78%
elle
78%
est
78%
m'
78%
ma
78%
S'
78%
s'
78%
un
78%
du
67%
en
67%
En
67%
les
67%
Les
67%
ne
67%
pas
67%
Qui
67%
se
67%
tout
67%
Tout
67%
y
67%
Au
56%
au
56%
jour
56%
Mais
56%
Pour
56%
dans
44%
Dans
44%
dĂšs
44%
Jamais
44%
petit
44%
Ses
44%
Si
44%
son
44%
sur
44%
Sur
44%
vous
44%
Vous
44%
avec
33%
Comme
33%
matin
33%
pré
33%
toujours
33%
trĂšs
33%
allait
22%
ami
22%
chanson
22%
donc
22%
étang
22%
fin
22%
journée
22%
lui
22%
manger
22%
-Monsieur
22%
soleil
22%
sont
22%
vert
22%
verte
22%
vos
22%
araignées
11%
battant
11%
boire
11%
bouger
11%
brouillard
11%
cassées
11%
chagrin
11%
cƓur
11%
confondait
11%
connaĂźtrez
11%
déjeuner
11%
écoutez,
11%
Fit
11%
fourrés
11%
gardez
11%
ici
11%
jolie
11%
loin
11%
long
11%
lunettes
11%
mettait
11%
montrer.
11%
mouches
11%
nénuphar
11%
nez
11%
nonchalant
11%
ose
11%
pic
11%
prairie
11%
protéger
11%
rouquin
11%
simplement
11%
sortent
11%
soufflant
11%
taquin
11%
vent
11%
voler
11%
voyait
11%
yeux
11%
bateau
0%
bonds
0%
chĂȘne
0%
compagnie
0%
découvrant
0%
étonne
0%
quatre
0%
réveil
0%
revenait
0%
tiendrez
0%
Venez
0%
venue
0%
vieux
0%
Aucun quiz correspondant
Distribution des résultats
% des personnes avec chaque résultat
Percentile par nombre de réponses
Votre historique - résultats
Vous n’avez pas pris ce quiz